000 00589nam a2200205 i 4500
001 88082
003 ES-MaACL
005 20240506125511.0
007 t|
008 050103s1975 sp ||||1| spa d
100 1 _aLaforgue, Jules.
_969518
245 1 0 _aPoemas /
_cJules Laforgue ; versión de Manuel Alvarez Ortega.
250 _a[1ª ed.].
260 _a[Barcelona] :
_bPlaza Janés,
_c[1975]
300 _a236 p. ;
_c19 cm.
500 _aTexto bilingüe.
700 1 _aÁlvarez Ortega, Manuel,
_d1923-
_9152996
852 _aES-MaACL
_jA-5762
_bR.93950
999 _c88082
_d88082